Normal view
MARC view
- സച്ചിൻ ടെണ്ടുൽക്കർ
Entry Personal Name
001 - CONTROL NUMBER
- control field: 5416
003 - CONTROL NUMBER IDENTIFIER
- control field: OSt
005 - DATE AND TIME OF LATEST TRANSACTION
- control field: 20230506103403.0
008 - FIXED-LENGTH DATA ELEMENTS
- fixed length control field: 230506|| aca||aabn | a|a d
040 ## - CATALOGING SOURCE
- Original cataloging agency: OSt
- Transcribing agency: OSt
100 ## - HEADING--PERSONAL NAME
- Personal name: സച്ചിൻ ടെണ്ടുൽക്കർ
- Personal name: Sachin tendulkar
670 ## - SOURCE DATA FOUND
- Source citation: Work cat.: (OSt)17655: സച്ചിൻ ടെണ്ടുൽക്കർ Sachin tendulkar, Ente jeevitha katha, 2022
